| 000 | 01162nac a22003617a 4500 | ||
|---|---|---|---|
| 001 | BR9901296 | ||
| 003 | BR-BrBNA | ||
| 005 | 20240105122153.0 | ||
| 008 | 230509b bl.|||m| |||| 00| 0 por d | ||
| 040 |
_aBR-BrBNA _bpor _cBiblioteca Nacional de Agricultura |
||
| 072 | _aF08 | ||
| 090 | _a0120 BR9901296 | ||
| 100 | 1 | _aKluthcouski, J. | |
| 100 | 1 | _aOliveira, I.P. de | |
| 100 | 1 | _aSoares, D.M. | |
| 100 | 1 | _aPeloso, M.J.D. | |
| 100 | 1 | _aYokoyama, L.P. | |
| 100 | 1 | _aBalbino, L.C. | |
| 100 | 1 | _aBuso, L.H. | |
| 110 | 1 | _aCentro Nacional de Pesquisa em Arroz e Feijao, Goiania, GO (Brasil) | |
| 245 | 1 | _aCultivo de milho verde consorciado com feijoeiro, sob irrigacao, no inverno: uso eficiente dos recursos | |
| 260 | 3 |
_aGoiania, GO (Brasil): _c1997. |
|
| 300 | _a34 p. | ||
| 490 |
_aCircular Tecnica - Centro Nacional de Pesquisa em Arroz e Feijao (Brazil) _vno. 29 _x |
||
| 500 | _a15 ref.; 15 tables | ||
| 650 | _aMilho Verde | ||
| 650 | _aFeijao | ||
| 650 | _aConsorciacao de Cultura | ||
| 650 | _aRelacao Agua-Planta | ||
| 650 | _aSistema de Cultivo | ||
| 909 |
_a202312 _bLúcia Elande _c55 _dLúcia Elande |
||
| 942 |
_2AGRIS _n0 _cMS |
||
| 999 |
_c289600 _d289600 |
||